Leadership in the U.S. Senate - Statistics

General Stats
  • This quiz has been taken 52 times
  • The average score is 5 of 7
Answer Stats
Position Party Officeholder % Correct
Minority Leader Democrat Chuck Schumer
91%
President of the Senate Republican JD Vance
85%
Majority Leader Republican John Thune
79%
President Pro Tempore Republican Chuck Grassley
76%
Minority Whip Democrat Dick Durbin
59%
President Pro Tempore Emerita Democrat Patty Murray
59%
Majority Whip Republican John Barasso
50%
No matching quizzes found
Score Distribution
Percent of People with Each Score
Percentile by Number Answered
Your Score History
You have not taken this quiz